书目信息 |
| 题名: |
英语阶梯阅读100篇
|
|
| 作者: | 曾宇涛 主编 | |
| 分册: | ||
| 出版信息: | 北京 人民出版社 2004.06 |
|
| 页数: | 213页 | |
| 开本: | 26cm | |
| 丛书名: | ||
| 单 册: | ||
| 中图分类: | H319.4 | |
| 科图分类: | ||
| 主题词: | 英语--阅读教学--研究生--入学考试--自学参考资料 | |
| 电子资源: | ||
| ISBN: | 7-01-004389-2 | |
| 000 | 00792nam0 2200217 450 | |
| 001 | 0133902146 | |
| 005 | 20050926091947.37 | |
| 010 | @a7-01-004389-2@dCNY28.00 | |
| 100 | @a20050104d2004 km y0chiy0120 ea | |
| 101 | 0 | @achi@aeng |
| 102 | @aCN@b110000 | |
| 105 | @ay z 000yy | |
| 200 | 1 | @a英语阶梯阅读100篇@Aying yu jie ti yue du 100 pian@f曾宇涛主编@Fceng yu tao zhu bian |
| 210 | @a北京@c人民出版社@d2004.06 | |
| 215 | @a213页@d26cm | |
| 330 | @a该书精选了100篇阅读和练习,设置了经济、媒体、科技、社会、文化等十个单元,每单元各设有三个阶梯难度的阅读文章十篇、单元主题测试一篇以及阅读技巧小结一份。 | |
| 606 | 0 | @a英语@x阅读教学@x研究生@x入学考试@x自学参考资料 |
| 690 | @aH319.4@v4 | |
| 701 | 0 | @a曾宇涛@Aceng yu tao@4主编 |
| 801 | 0 | @aCN@bQSSK@c20050926 |
| 905 | @a10447@dH319.4@eZ031 | |
| 英语阶梯阅读100篇/曾宇涛主编.-北京:人民出版社,2004.06 |
| 213页;26cm |
| ISBN 7-01-004389-2:CNY28.00 |
| 该书精选了100篇阅读和练习,设置了经济、媒体、科技、社会、文化等十个单元,每单元各设有三个阶梯难度的阅读文章十篇、单元主题测试一篇以及阅读技巧小结一份。 |
| ● |
| 相关链接 |
|
|
|
正题名:英语阶梯阅读100篇
索取号:H319.4/Z031
 
预约/预借
| 序号 | 登录号 | 条形码 | 馆藏地/架位号 | 状态 | 备注 |
| 1 | 527498 | 205274987 | 语言库209/209语言库 50排7列1层/ [索取号:H319.4/Z031] | 在馆 | |
| 2 | 527499 | 205274996 | 语言库209/209语言库 50排7列1层/ [索取号:H319.4/Z031] | 在馆 | |
| 3 | 527500 | 205275003 | 语言库209/209语言库 50排7列1层/ [索取号:H319.4/Z031] | 在馆 |